000 01030cam a2200301 a 4500
001 17238396
003 AUA.1
005 20160803140420.0
008 120402s2012 ilu b 001 0 eng
010 _a 2012010785
020 _a9781433509186 (hc)
040 _aDLC
_cDLC
_dDLC
042 _apcc
050 0 0 _aBT94
_b.K49 2012
082 0 0 _a231.7/2
_223
245 0 4 _aThe kingdom of God /
_cChristopher W. Morgan and Robert A. Peterson, editors.
260 _aWheaton, Ill. :
_bCrossway,
_cc2012.
300 _a272 p. ;
_c25 cm.
490 0 _aTheology in community
504 _aIncludes bibliographical references (p. 256-258) and indexes.
650 0 _aKingdom of God.
650 0 _aKingdom of God
_xBiblical teaching.
700 1 _aMorgan, Christopher W.,
_d1971-
700 1 _aPeterson, Robert A.,
_d1948-
906 _a7
_bcbc
_corignew
_d1
_eecip
_f20
_gy-gencatlg
942 _2lcc
_cBOOK
_hBT 94
_i.K49 2012
999 _c15192
_d15192